00366nam a22001337a 4500008004100000020001800041082001900059100002500078245003700103260004400140300001000184650002100194650001700215180722b xxu||||| |||| 00| 0 eng d a9789937619127 aN895.514/S717n aSapkota, Deepak Com. aNibandamontaj (nibandhasangraha) aKathmandu:bBien Pustak Sansar,c2070BS a356p. aNepali lterature aNepali essay